Statistics for NRL Dally M Medal Winners

Click here to take the quiz!

General Stats

  • This quiz has been taken 31 times
    (21 since last reset)
  • The average score is 20 of 45

Answer Stats

HintAnswer% Correct
2017Cameron Smith
95%
2006Cameron Smith
95%
2023Kalyn Ponga
89%
2022Nicho Hynes
89%
2013Cooper Cronk
84%
2016Cooper Cronk
84%
2005Johnathan Thurston
84%
2007Johnathan Thurston
84%
2015Johnathan Thurston
84%
2014Johnathan Thurston
84%
2019James Tedesco
79%
2021Tom Trbojevic
79%
2011Billy Slater
74%
2012Ben Barba
63%
2020Jack Wighton
63%
1998Andrew Johns
58%
1999Andrew Johns
58%
2002Andrew Johns
58%
2014Jarryd Hayne
58%
2009Jarryd Hayne
58%
2018Roger Tuivasa-Sheck
47%
2016Jason Taumalolo
42%
1986Peter Sterling
37%
1987Peter Sterling
37%
1982Ray Price
32%
1996Allan Langer
26%
1995Laurie Daley
26%
1993Ricky Stuart
26%
2010Todd Carney
26%
2004Danny Buderus
21%
2008Matt Orford
21%
1990Cliff Lyons
16%
1994Cliff Lyons
16%
1985Greg Alexander
16%
1980Robert Laurie
16%
1983Terry Lamb
16%
1989Gavin Miller
11%
1988Gavin Miller
11%
2001Preston Campbell
11%
1979Steve Morris
11%
1992Gary Freeman
5%
1991Michael Potter
5%
1984Michael Potter
5%
1981Steve Rogers
5%
2000Trent Barrett
5%

Score Distribution

Percentile by Number Answered

Percent of People with Each Score

Your Score History

You have not taken this quiz since the last reset